Influence of Pentecostal Spirituality to Asian Christianity
| Main Author: | |
|---|---|
| Format: | Electronic Article |
| Language: | English |
| Check availability: | HBZ Gateway |
| Interlibrary Loan: | Interlibrary Loan for the Fachinformationsdienste (Specialized Information Services in Germany) |
| Published: |
2020
|
| In: |
Asian Journal of Pentecostal Studies
Year: 2020, Volume: 23, Issue: 2, Pages: 107-122 |
| RelBib Classification: | CB Christian life; spirituality KBM Asia KDG Free church |
MARC
| LEADER | 00000caa a22000002c 4500 | ||
|---|---|---|---|
| 001 | 1727910141 | ||
| 003 | DE-627 | ||
| 005 | 20250212130652.0 | ||
| 007 | cr uuu---uuuuu | ||
| 008 | 200827s2020 xx |||||o 00| ||eng c | ||
| 035 | |a (DE-627)1727910141 | ||
| 035 | |a (DE-599)KXP1727910141 | ||
| 040 | |a DE-627 |b ger |c DE-627 |e rda | ||
| 041 | |a eng | ||
| 084 | |a 1 |a 0 |2 ssgn | ||
| 100 | 1 | |e VerfasserIn |0 (DE-588)121847640 |0 (DE-627)081573472 |0 (DE-576)292916124 |4 aut |a Ma, Julie C. | |
| 109 | |a Ma, Julie C. |a Ma, Julie | ||
| 245 | 1 | 0 | |a Influence of Pentecostal Spirituality to Asian Christianity |
| 264 | 1 | |c 2020 | |
| 336 | |a Text |b txt |2 rdacontent | ||
| 337 | |a Computermedien |b c |2 rdamedia | ||
| 338 | |a Online-Ressource |b cr |2 rdacarrier | ||
| 601 | |a Influencer | ||
| 601 | |a Spiritual | ||
| 652 | |a CB:KBM:KDG | ||
| 773 | 0 | 8 | |i Enthalten in |t Asian Journal of Pentecostal Studies |d Baguio City : Faculty of Asia Pacific Theological Seminary, 1998 |g 23(2020), 2, Seite 107-122 |h Online-Ressource |w (DE-627)357865871 |w (DE-600)2095340-9 |w (DE-576)273874004 |7 nnas |
| 773 | 1 | 8 | |g volume:23 |g year:2020 |g number:2 |g pages:107-122 |
| 951 | |a AR | ||
| ELC | |a 1 | ||
| ITA | |a 1 |t 1 | ||
| LOK | |0 000 xxxxxcx a22 zn 4500 | ||
| LOK | |0 001 3743169495 | ||
| LOK | |0 003 DE-627 | ||
| LOK | |0 004 1727910141 | ||
| LOK | |0 005 20221126105908 | ||
| LOK | |0 008 200827||||||||||||||||ger||||||| | ||
| LOK | |0 040 |a DE-Tue135 |c DE-627 |d DE-Tue135 | ||
| LOK | |0 092 |o n | ||
| LOK | |0 852 |a DE-Tue135 | ||
| LOK | |0 852 1 |9 00 | ||
| LOK | |0 935 |a ixzs |a ixzo | ||
| LOK | |0 936ln |0 144204893X |a KBM | ||
| LOK | |0 936ln |0 1442043768 |a CB | ||
| LOK | |0 936ln |0 1442050470 |a KDG | ||
| LOK | |0 939 |a 27-08-20 |b l01 | ||
| ORI | |a SA-MARC-ixtheoa001.raw | ||
| REL | |a 1 | ||
| SUB | |a REL | ||



